Quarterly housing trends (Record no. 111440)

MARC details
000 -LEADER
fixed length control field 00932cad a22002055a 4500
001 - CONTROL NUMBER
control field L151553
008 - FIXED-LENGTH DATA ELEMENTS--GENERAL INFORMATION
fixed length control field 101117s2010 xxk f 000 0 eng d
035 ## - SYSTEM CONTROL NUMBER
System control number (Sirsi) u151553
041 0# - LANGUAGE CODE
Language code of text/sound track or separate title eng
110 2# - MAIN ENTRY--CORPORATE NAME
Corporate name or jurisdiction name as entry element Hobson Ford Associates
9 (RLIN) 5901
245 00 - TITLE STATEMENT
Title Quarterly housing trends
Medium [electronic resource]
260 ## - PUBLICATION, DISTRIBUTION, ETC.
Place of publication, distribution, etc. [S.l.]
Name of publisher, distributor, etc. Hobson Ford Associates
Date of publication, distribution, etc. 2010
520 ## - SUMMARY, ETC.
Summary, etc. Summary of detailed analysis using NHBC data; charts and key points illustrating trends in housing construction across the UK from Q1 2007 to Q3 2010; off-site construction methods; timber frame housing.
590 ## - LOCAL NOTE (RLIN)
Local note KA NTK
651 #4 - SUBJECT ADDED ENTRY--GEOGRAPHIC NAME
Geographic name United Kingdom
Chronological subdivision
690 ## - LOCAL SUBJECT ADDED ENTRY--TOPICAL TERM (OCLC, RLIN)
Topical term or geographic name as entry element BUILT ENVIRONMENT-CONSTRUCTION MARKET
710 1# - ADDED ENTRY--CORPORATE NAME
Corporate name or jurisdiction name as entry element Rigby Research
856 40 - ELECTRONIC LOCATION AND ACCESS
Uniform Resource Identifier <a href="https://www.nhbc.co.uk/NewsandComment/Registerfore-news/documents/filedownload%2C42396%2Cen.pdf?pending">https://www.nhbc.co.uk/NewsandComment/Registerfore-news/documents/filedownload%2C42396%2Cen.pdf?pending</a>
Public note View the summary of the report free of charge and purchasing details at www.nhbc.co.uk
942 ## - ADDED ENTRY ELEMENTS (KOHA)
Suppress in OPAC 0
Holdings
Withdrawn status Lost status Source of classification or shelving scheme Damaged status Not for loan Home library Current library Shelving location Date acquired Total Checkouts Full call number Barcode Date last seen Copy number Price effective from Koha item type
    Dewey Decimal Classification     Virtual Virtual Online 17/11/2010   ONLINE PUBLICATION 151553-1001 06/08/2019 1 06/08/2019 Book